MARC details
| 000 -LEADER |
| fixed length control field |
01075cas a22002653 4500 |
| 001 - CONTROL NUMBER |
| control field |
10862718 |
| 003 - CONTROL NUMBER IDENTIFIER |
| control field |
BDDh-ASL |
| 005 - DATE AND TIME OF LATEST TRANSACTION |
| control field |
20231015031357.0 |
| 008 - FIXED-LENGTH DATA ELEMENTS--GENERAL INFORMATION |
| fixed length control field |
900512u ii u 0 0eng |
| 010 ## - LIBRARY OF CONGRESS CONTROL NUMBER |
| LC control number |
sv 90026719 |
| 040 ## - CATALOGING SOURCE |
| Original cataloging agency |
BDDh-ASL |
| Transcribing agency |
BDDh-ASL |
| 041 ## - LANGUAGE CODE |
| Language code of text/sound track or separate title |
eng |
| 050 00 - LIBRARY OF CONGRESS CALL NUMBER |
| Classification number |
AS472 |
| Item number |
.C2195 |
| 082 ## - DEWEY DECIMAL CLASSIFICATION NUMBER |
| Classification number |
950.1 |
| Item number |
ASI |
| 245 00 - TITLE STATEMENT |
| Title |
Journal of the Asiatic Society, Vol.- XII, 1970, Nos. 1-4 / |
| Statement of responsibility, etc. |
Edited by The Honorary Secretaries. |
| 246 23 - VARYING FORM OF TITLE |
| Title proper/short title |
Journal & proceedings of the Asiatic Society of Bengal. |
| 260 ## - PUBLICATION, DISTRIBUTION, ETC. |
| Place of publication, distribution, etc. |
Calcutta : |
| Name of publisher, distributor, etc. |
The Asiatic Society, 1 Park Street, |
| -- |
Baptist Mission Press, |
| Date of publication, distribution, etc. |
1970. |
| 300 ## - PHYSICAL DESCRIPTION |
| Other physical details |
ill. ; |
| Dimensions |
25 cm. |
| 310 ## - CURRENT PUBLICATION FREQUENCY |
| Current publication frequency |
Unknown |
| 590 ## - LOCAL NOTE (RLIN) |
| Local note |
Call no chg'd fr. AS472 .C226 12/11/69. Its Journal and proceedings entry cancelled. |
| 590 ## - LOCAL NOTE (RLIN) |
| Local note |
Holdings in 3x5 and visible file (sv 87-23539). |
| 650 #0 - SUBJECT ADDED ENTRY--TOPICAL TERM |
| Topical term or geographic name entry element |
Year Book, Annual Report, Bulletin, Souvenir, Presidential and General Secretary's Address, Journal & proceedings of the Asiatic Society of Bengal. |
| 9 (RLIN) |
8212 |
| 906 ## - LOCAL DATA ELEMENT F, LDF (RLIN) |
| a |
0 |
| b |
bbc |
| c |
serlocs |
| d |
u |
| e |
ncip |
| f |
19 |
| g |
ilsserca |
| 942 ## - ADDED ENTRY ELEMENTS (KOHA) |
| Source of classification or shelving scheme |
Dewey Decimal Classification |
| Koha item type |
Reference |